01187cam a22003137a 45000010005000000030006000050050017000110080041000280100017000690200044000860200041001300200031001710200028002020350024002300400027002540500011002810820013002921000031003052450071003362600048004073000047004554900024005025050008005265200256005345210017007905210019008076500022008267000025008486861FISKH20250828145320.0120403s2013 flua j 000 1 eng d a 2012936763 a9781618101716 (hard cover : alk. paper) a1618101714 (hard cover : alk. paper) a9781618103048 (soft cover) a1618103040 (soft cover) a(OCoLC)ocn792870482 aBTCTAbengcBTCTAdDLC aM47885 a613.04321 aMcKenzie, Precious,d1975-10aBuff ducks /cby Precious McKenzie ; illustrated by John Reasoner. aFlorida :bRourke Educational Media,c2013. a24 pages : bcolor illustrations ; c21 cm1 aLittle birdie books aaa  aBeautifully Illustrated, This Book Teaches Students The Importance Of How Staying Active Keeps Them Healthy. Teaching Focus, Words To Know Before You Read, Comprehension And Extension Activities. Inside Front And Back Cover Parent And Teacher Support.8 a20 bLexile 8 aaa bRaz-Plus  aFitnessvMovement1 aReasoner, John.4ill